000 01180nam0a22003131 4500
001 RU\NLR\A1SV\100647
005 20251203171251.9
035 _a(NLR Aleph) 009782000
090 _a10099552
_c10099552
100 _a20100115d1926 u y0rusy50 ca
101 0 _arus
102 _aRU
200 1 _aБереги снег - будешь с урожаем
_fАгр. Н.Подъяпольский
205 _a2-е изд.
_bперераб.
210 _aМ.
_aЛ.
_cГос. изд.
_d1926 (обл. 1925)
215 _a30 с.
_cил.
_d18 см
300 _aНа обл. авт. не указан
300 _aНапеч. в Москве
451 0 _1001RU\NLR\A1SV\100646
_910099548
_aПодъяпольский, Н.Н. (1883-1934)
_cМ.
_d1924
_fАгр. Подъяпольский
_nКрас. новь
_p32 с.
_tБереги снег - будешь с урожаем
620 _dМосква
620 _dСанкт-Петербург
700 1 _aПодъяпольский
_bН.Н.
_f1883-1934
_gНиколай Николаевич
801 0 _aRU
_bNLR
_c20100115
852 _aNLR
_j36/4359
899 _aРГБ
942 _cBOOK
980 _aNB
980 _aA1SV